| 000 | 01145nam a22003257a 4500 | ||
|---|---|---|---|
| 003 | DO-SdBNP | ||
| 005 | 20250917132209.0 | ||
| 008 | 210426b 2018 dr 00| 0 spa d | ||
| 020 | _a9789945176148 | ||
| 040 |
_aBPMSU _bspa _cBPMSU |
||
| 082 | 4 |
_a741.57293 _bW631t 2018 _222 |
|
| 092 | _a | ||
| 100 | 1 |
_aWi, Hen Fung _d |
|
| 245 | 1 | 0 |
_aTodos somos superhéroes / _cWi-Hen ; investigación: Laura V. Sánchez-Vincitore ; coordinación pedagógica: Cledenin Veras |
| 260 |
_aSanto Domingo: _bEdiciones SM ; _bUniversidad Iberoamericana (UNIBE), _c2018 |
||
| 300 |
_a39 p. : _bilus. ; _c15 cm |
||
| 490 | 0 |
_3La Liga de la Esperanza, _v10 |
|
| 500 | _3Tipología textual: • Cómic | ||
| 590 | _aInventariado, 2023/VM | ||
| 650 | 4 | _aCuentos gráficos dominicanos | |
| 650 | 4 | _aTiras cómicas, historietas | |
| 650 | 4 |
_aHéroes _vCuentos gráficos |
|
| 650 | 4 | _v | |
| 650 | 4 | _aLiteratura juvenil dominicana | |
| 700 | 1 |
_3Sánchez-Vincitore, Laura V. _einvestigador |
|
| 700 | 1 |
_3Veras, Cledenin _ecoord. |
|
| 700 | 1 |
_aSánchez-Vincitore, Laura V. _e investigador |
|
| 910 | _aVMateo V. Control de calidad. BPMSU | ||
| 942 |
_2ddc _cBK |
||
| 999 |
_c14498 _d14498 |
||